Subantarctic Islands on a Map - Statistics

General Stats
  • This quiz has been taken 52 times
  • The average score is 9 of 18
Answers on the Map
Answers color-coded by a green-red scale on the quiz's map according to % correct below.
 
Answer Stats
Country Island/Archipelago % Correct
United Kingdom South Georgia
93%
United Kingdom Falkland Islands
88%
Argentina/Chile Tierra Del Fuego
76%
United Kingdom South Sandwich Islands
73%
Australia Heard and McDonald Islands
71%
Norway Bouvet Island
63%
France Kerguelen
61%
United Kingdom Tristan Da Cunha
59%
South Africa Prince Edward Islands
51%
Australia Macquarie Island
49%
France Crozet Islands
46%
New Zealand Antipodes Island
41%
United Kingdom Gough Island
41%
New Zealand Bounty Islands
34%
New Zealand Campbell Island
29%
New Zealand Raikura/Stewart Island
29%
New Zealand Auckland Islands
22%
New Zealand Snares/Tini Heke
22%
No matching quizzes found
Score Distribution
Percent of People with Each Score
Percentile by Number Answered
Your Score History
You have not taken this quiz